| 000 | 01139nac a22002651u 4500 | ||
|---|---|---|---|
| 010 | _a 00068544 | ||
| 020 | _a047140358X (cloth : alk. paper) | ||
| 082 | 0 | 0 |
_a658.4012 _bLIG. |
| 090 |
_c5221 _d5221 |
||
| 100 | _aLight, Mark. | ||
| 245 | 1 | 4 |
_aThe Strategic board : _bthe step-by-step guide to high-impact governance / _cMark Light. |
| 260 |
_aNew York : _bWiley,c2001. _cc2001. |
||
| 300 |
_axvii, 245 p. : _bill. ; _c24 cm. |
||
| 440 | 0 | _aWiley nonprofit law, finance, and management series | |
| 500 | _aDistibuter :Al Ahram. | ||
| 504 | _aIncludes bibliographical references (p. 233-238) and index. | ||
| 511 | _aCatalogued By :Mahitab. | ||
| 650 | 0 | _aStrategic planning. | |
| 650 | 0 |
_aNonprofit organizations _xManagement. |
|
| 650 | 0 | _aBoards of directors. | |
| 856 | 4 | 2 |
_3Contributor biographical information _uhttp://www.loc.gov/catdir/bios/wiley043/00068544.html |
| 856 | 4 | 2 |
_3Publisher description _uhttp://www.loc.gov/catdir/description/wiley035/00068544.html |
| 856 | 4 | 2 |
_3Table of Contents _uhttp://www.loc.gov/catdir/toc/onix06/00068544.html |
| 942 |
_cBB _k658.4012LIG. |
||
| 999 |
_c5221 _d5221 |
||